| 000 | 01231nam a22003617a 4500 | ||
|---|---|---|---|
| 003 | CHAP | ||
| 005 | 20220817043058.0 | ||
| 008 | 971010s1959 r 00010 d | ||
| 010 | _a64946 | ||
| 011 | _a65918 | ||
| 035 | _a73486 | ||
| 040 | _cCHAP | ||
| 082 | 0 | 4 |
_a330.1 _bM97y |
| 100 | 0 | 0 |
_aMyrdal, Gunnar. _979959 |
| 245 | 1 | _aTeoría económica y regiones subdesarrolladas | |
| 260 |
_aMéxico, D.F. : _bFCE, _c1959 |
||
| 300 | _a188 p. | ||
| 490 | _aSección de obras de economía | ||
| 590 |
_aBATCH-UPD _b10 _c20130109 _lUCH01 _h2344 |
||
| 590 |
_aBATCH-UPD _b10 _c20130110 _lUCH01 _h1028 |
||
| 590 |
_aBATCH-UPD _b10 _c20130410 _lUCH01 _h0631 |
||
| 590 |
_aBATCH-UPD _b10 _c20130914 _lUCH01 _h1151 |
||
| 590 |
_aCONVERSION _b10 _c20130109 _lUCH01 _h1335 |
||
| 650 | 1 | 4 | _aDesarrollo económico. |
| 650 | 1 | 4 |
_aEconomía. _935226 |
| 650 | 1 | 4 |
_aPaíses subdesarrollados _xCondiciones económicas. _985152 |
| 830 | 0 | _aSección de obras de economía | |
| 901 | _aBK | ||
| 942 | _cLIBRO | ||
| 949 |
_a330.1 M97y _bBC _cLIBRO _d33724000312815 _eLIBRO _fc.2 _h2107 _i73486 _si |
||
| 949 |
_a330.1 M97y _bBC _cLIBRO _d33724000312823 _eLIBRO _fc.3 _h45390 _i73486 _mD _si |
||
| 949 |
_a330.1 M97y _bBC _cLIBRO _d33724000312906 _eLIBRO _h2106 _i73486 _si |
||
| 999 |
_c64946 _d64946 |
||